Countries By Breakfast - Statistics

General Stats
  • This quiz has been taken 25 times
  • The average score is 8 of 16
Answer Stats
Picture Answer % Correct
France
100%
United Kingdom
92%
Italy
88%
Germany
75%
United States
75%
Japan
71%
Greece
63%
South Korea
54%
China
50%
Canada
38%
India
29%
Mexico
29%
Lebanon
21%
Israel
13%
Jamaica
13%
Colombia
4%
No matching quizzes found
Score Distribution
Percent of People with Each Score
Percentile by Number Answered
Your Score History
You have not taken this quiz